000 01448nam a2200289 a 4500
001 32633
003 BD-RjUL
005 20211209051852.0
008 140427s1980 ii b 001 0 eng d
035 _a(BD-RjUL)32723
040 _aDLC
_beng
_cLC
_dBD-RjUL
041 _aeng
082 0 4 _219
_a954.035
_bMUI V-3 1980
100 0 _aShan Muhammad.
_973059
245 1 4 _aThe Indian Muslims :
_ba documentary record /
_cShan Muhammad
_nVolume III
260 _aNew Delhi :
_bMeenakshi Prakashan, Meerut,
_c1980.
300 _axi, 343 p. ;
_c25 cm.
500 _aHalf title: The Indian Muslims : a documentary record, 1900-1947
500 _aCompilation of documents covering the period 1900-1947
500 _aEach volume has distinctive subtitle on half title page
504 _aIncludes bibliographical references and index.
505 _av. 1. Founding of the Muslim League -- v. 2. Separate electorate. -- v. 3. The Tripoli and Balkan war. -- v. 4. Mosque incident, Kanpur and communal harmony. -- v. 5. Interest in World War I. -- v. 6. Khilafat movement. -- v. 7. Khilafat movement (contd.). -- v. 8. The communal strife. -- v. 9. Nehru report and the Muslims. -- v. 10. Round table conference and after.
650 0 _zIndia
_xPolitics and government
_xSources.
_y1857-1919
_999269
650 0 _aMuslims
_xPolitical activity
_zIndia
_vSources.
_999241
651 0 _aIndia
_xPolitics and government
_y1857-1919
_vSources
_983255
942 _2ddc
_cBK
999 _c32633
_d32633